| 000 | 01306nam a22003377a 4500 | ||
|---|---|---|---|
| 999 |
_c5771 _d5771 |
||
| 003 | OSt | ||
| 005 | 20251105133055.0 | ||
| 006 | |||
| 008 | 251105b ||||| |||| 00| 0 eng d | ||
| 020 | _a9781534488861 | ||
| 040 | _cKH8 | ||
| 082 | _a823.92 MAR | ||
| 100 | 1 |
_aMarr, Shirley _eauthor |
|
| 245 | 1 | 0 | _aAll four quarters of the moon |
| 250 | _aFirst Simon & Schuster Books for Young Readers paperback edition. | ||
| 264 | 1 |
_a123 Avenue of the Americas,New York ,New York 10020 _bSimon & Schuster Books for Young Readers, _c2023 |
|
| 264 | 4 | _c©2022 | |
| 300 |
_a359 pages _bb illustration _c14 cm x 21 cm |
||
| 336 |
_atext _btxt _2rdacontent |
||
| 337 |
_acomputer _bc _2rdamedia |
||
| 338 |
_aonline resource _bcr _2rdacarrier |
||
| 520 | _aEleven-year-old Peijing and her family are adapting to their new life in Australia, but when cracks in her family life start to appear, she must find a way to cope with the uncertainties of her own little world and figure out where she fits in. | ||
| 521 |
_aAges 8-12. _bSimon & Schuster Books for Young Readers. |
||
| 650 | 1 |
_aFamily life _vFiction |
|
| 650 | 1 |
_aEmigration and immigration _vFiction. |
|
| 650 | 1 |
_aChinese _vFiction |
|
| 650 | 1 |
_aResilience _vFiction |
|
| 650 | 1 |
_aBelonging _vFiction |
|
| 655 | 7 | _aFiction | |
| 942 |
_2ddc _cFIC |
||